Statistics for F1 Constructors Champion Car Models

Click here to take the quiz!

General Stats

  • This quiz has been taken 182 times
    (40 since last reset)
  • The average score is 31 of 66

Answer Stats

YearTeam-EngineChassis% Correct
2022Red Bull-RBPTRB18
96%
2023Reb Bull-RBPTRB19
96%
2019MercedesW10 EQ Power+
92%
2020MercedesW11 EQ Performance
92%
2021MercedesW12 EQ Performance
92%
2010Red Bull-RenaultRB6
88%
2011Red Bull-RenaultRB7
88%
2012Red Bull-RenaultRB8
88%
2013Red Bull-RenaultRB9
88%
2001FerrariF2001
80%
2003FerrariF2003
80%
2004FerrariF2004
80%
2014MercedesW05 Hybrid
80%
2015MercedesW06 Hybrid
80%
2016MercedesW07 Hybrid
80%
2017MercedesW08 EQ Power+
80%
2018MercedesW09 EQ Power+
80%
2002FerrariF2002
76%
2007FerrariF2007
64%
1988McLaren-HondaMP4/4
64%
2008FerrariF2008
60%
1989McLaren-HondaMP4/5
60%
1991McLaren-HondaMP4/6
60%
1993Williams-RenaultFW15
56%
1984McLaren-TAGMP4/2
52%
1990McLaren-HondaMP4/5B
52%
1986Williams-HondaFW11
48%
1996Williams-RenaultFW18
48%
1998McLaren-MercedesMP4/13
48%
1985McLaren-TAGMP4/2B
48%
2005RenaultR25
48%
2006RenaultR26
48%
2009Brawn-MercedesBGP001
44%
1987Williams-HondaFW11B
40%
1992Williams-RenaultFW14B
40%
1997Williams-RenaultFW19
40%
1975Ferrari312T
36%
1970Lotus-Ford72
36%
1972Lotus-Ford72
36%
1994Williams-RenaultFW16B
36%
1995Benetton-RenaultB195
32%
1976Ferrari312T2
28%
1963Lotus-Climax25
24%
1979Ferrari312T4
24%
1978Lotus-Ford79
24%
1961Ferrari156
20%
1977Ferrari312T2B
20%
1966Brabham-RepcoBT19
20%
1967Brabham-RepcoBT24
20%
2000FerrariF1-2000
20%
1980Williams-FordFW07B
20%
1981Williams-FordFW07C
20%
1974McLaren-FordM23
20%
1971Tyrrell-Ford003
16%
1965Lotus-Climax33
16%
1968Lotus-Ford49B
16%
1999FerrariF399
16%
1959Cooper-ClimaxT51
16%
1960Cooper-ClimaxT53
16%
1982Ferrari126C2
12%
1983Ferrari126C3
12%
1964Ferrari158
12%
1973Lotus-Ford72D
12%
1969Matra-FordMS80
12%
1962BRMP57
12%
1958VanwallVW 5
12%

Score Distribution

Percentile by Number Answered

Percent of People with Each Score

Your Score History

You have not taken this quiz since the last reset